| Tag |
First Indicator |
Second Indicator |
Subfields |
| LEADER |
00000cam a2200000 4500 |
| 001 |
in00000055748 |
| 005 |
20151008052310.0 |
| 008 |
730406s1941 iluac 00000 eng |
| 010 |
|
|
|a 41019559
|
| 035 |
|
|
|a (OCoLC)00598432
|
| 035 |
|
|
|9 AAH2691AM
|
| 040 |
|
|
|a DLC
|c WBU
|d TXA
|d UtOrBLW
|
| 049 |
|
|
|a TXAM
|c [102643]
|
| 050 |
|
0 |
|a AS911.N9
|b K17 1941
|
| 092 |
|
|
|a 378.32
|b K17n2
|
| 100 |
1 |
|
|a Kaplan, Flora.
|
| 245 |
1 |
0 |
|a Nobel prize winners :
|b charts, indexes, sketches /
|c compiled by Flora Kaplan.
|
| 264 |
|
1 |
|a Chicago, Ill. :
|b Nobelle Pub. Co.,
|c [1941]
|
| 300 |
|
|
|a xvi, 144 pages :
|b including frontispiece (portrait) tables (1 folded) ;
|c 26 cm.
|
| 336 |
|
|
|a text
|b txt
|2 rdacontent
|
| 337 |
|
|
|a unmediated
|b n
|2 rdamedia
|
| 338 |
|
|
|a volume
|b nc
|2 rdacarrier
|
| 650 |
|
0 |
|a Nobel Prizes.
|
| 999 |
|
|
|a MARS
|
| 999 |
f |
f |
|s e87c1873-4b89-3d7a-aad2-a36f45dada51
|i 07de1a8f-3616-3475-8ca9-31a88c5db430
|t 0
|
| 952 |
f |
f |
|p ric
|a Texas A&M University
|b Rellis Campus
|c Joint Library Facility
|d Remote Storage
|t 0
|e AS911.N9 K17 1941
|h Library of Congress classification
|i unmediated -- volume
|m A14800863170
|
| 998 |
f |
f |
|a AS911.N9 K17 1941
|t 0
|l Remote Storage
|